00934nam a2200277 a 450000100060000000300080000600500170001400800410003102000150007203500220008704000320010904100080014104200080014908200260015710000260018324500700020924600250027926000370030430000330034150000200037465000410039465000370043594200120047299900170048495201550050177331BD-RjUL20211209082947.0200315s2003 inua 001 0 eng d a0789729202 a(DLC) 2002113718 aDLCcDLCdDLCdBD-RjULbeng aeng apcc00a005.369221bKRA 20031 aKraynak, Joe.924059610aAbsolute beginner's guide to Microsoft Excel 2002 /cJoe Kraynak.30aMicrosoft Excel 2002 aIndianapolis, IN :bQue,cc2003. axi, 308 p. :bill. ;c24 cm. aIncludes index. 0aBusinessxComputer programs.9240902 0aElectronic spreadsheets.9240903 2ddccBK c77331d77331 00102ddc4071aRUCLbRUCLcReadingd2020-03-04eAmerican Center Library, Dhakag18.95l0o005.369 KRA 2003r2020-03-15 00:00:00tC-1w2020-03-15yBK